000 00678cam a22002053a 4500
001 39227
003 PGUSA
005 20140828083854.0
008 120321s2012||||xxu|||||s|||||000 | eng d
040 _aPGUSA
_beng
042 _adc
245 1 2 _aA Source Book of MediƦval History :
_bDocuments Illustrative of European Life and Institutions from the German Invasions to the Renaissance
_h[electronic resource]
260 _bProject Gutenberg,
_c2012
506 _aPublic domain in the USA.
516 _aElectronic text
700 1 _aOgg, Frederic Austin,
_d1878-1951
830 0 _aProject Gutenberg
_v39227
856 4 0 _uhttp://www.gutenberg.org/ebooks/39227
942 _cEB
999 _c268480
_d268480